000 00478nam a2200181Ia 4500
003 GCL
008 140319s9999 xx 000 0 eng d
040 _aGCL /
_cGCL
082 0 4 _a914.49
_bM F
100 1 _aMICHELINE
245 1 0 _aFRENCH RIVIERA CATE D'AZUR /
_cMICHELINE
260 _a[S.N] :
_bMICHELIN TYREPLE ،
_c1997
300 _a322 P
650 0 4 _aEUROPE
650 0 4 _aRIVER, FRANCE - DESCRIPTION
650 0 4 _aFRANCE - DESCRIPTION AND TRAVELS
942 _2ddc
_cBK
999 _c16043
_d16043